00550 2200217 4500001002100000005001500021035002000036007000300056008004100059082001400100084002000114100001700134245006000151250000600211260003400217300002900251020002200280990000800302990001100310990001100321INLIS00000000000020820230114102010 a0010-0319000025ta230114 0  a899.221'3 a899.221'3 RAS s0 aRasyid Akbar1 aSerial Misteri :bMisteri Pulau Kosong /cIrman Permana a1 aJakarta :bZikrul Kids,c2011 a112 hlm :bIlus ;c20 cm a978-979-063-683-5 a603 a002676 a002680